UM Logo

Tsutomu Sawamura and his Contributions to the Philippine Wartime 'National Cinema / (Record no. 24522)

MARC details
000 -LEADER
fixed length control field 00755nam a22001817a 4500
003 - CONTROL NUMBER IDENTIFIER
control field OSt
005 - DATE AND TIME OF LATEST TRANSACTION
control field 20260327142042.0
008 - FIXED-LENGTH DATA ELEMENTS--GENERAL INFORMATION
fixed length control field 260327b |||||||| |||| 00| 0 eng d
040 ## - CATALOGING SOURCE
Transcribing agency 0
082 ## - DEWEY DECIMAL CLASSIFICATION NUMBER
Classification number DPer 907.9 J826 January-December 2016 v.62
100 ## - MAIN ENTRY--PERSONAL NAME
Personal name Deocampo, Nick.
Relator term author.
9 (RLIN) 70295
245 ## - TITLE STATEMENT
Title Tsutomu Sawamura and his Contributions to the Philippine Wartime 'National Cinema /
Statement of responsibility, etc. Nick Deocampo.
260 ## - PUBLICATION, DISTRIBUTION, ETC. (IMPRINT)
Place of publication, distribution, etc. UP, Diliman, Quezon City, Metro Manila, Philippines ;
Name of publisher, distributor, etc. The Philippine National Historical Society, Inc. ,
Date of publication, distribution, etc. January-December 2016.
300 ## - PHYSICAL DESCRIPTION
Extent volume 62, pages 370-392 :
Other physical details illustration ;
Dimensions 24cm.
500 ## - GENERAL NOTE
General note The Journal of History, Vol. 62, Pages 370-392, January-December, 2016
700 ## - ADDED ENTRY--PERSONAL NAME
Personal name Deocampo, Nick
9 (RLIN) 8169
942 ## - ADDED ENTRY ELEMENTS (KOHA)
Source of classification or shelving scheme Dewey Decimal Classification
Koha item type Periodicals
Holdings
Withdrawn status Lost status Source of classification or shelving scheme Damaged status Not for loan Collection code Home library Current library Date acquired Total Checkouts Full call number Date last seen Price effective from Koha item type Public note
    Dewey Decimal Classification     Periodicals UM Digos College - LIC UM Digos College - LIC 03/27/2026   DPer 907.9 J826 January-December 2016 v.62 03/27/2026   Periodicals Periodical Article
    Dewey Decimal Classification     Periodicals UM Digos College - LIC UM Digos College - LIC 03/27/2026   DPer 907.9 J826 January-December 2016 v.62 03/27/2026   Periodicals Periodical Article